000 06285cam a22020054i 4500
003 PE-LiUPU
005 20250813165328.0
008 061229s2006 ck a b 000 0 spa d
020 _a958976178X
_q(set)
020 _a9589761798
_q(tomo 1)
020 _a9589784003
_q(tomo 2)
020 _a9789589761786
_q(set)
020 _a9789589761793
_q(tomo 1)
020 _a9789589784006
_q(tomo 2)
035 _a(Sirsi) i9789589761786
040 _aI8M
_bspa
_erda
_cI8M
_dOCLCO
_dUVMCP
_dOCLCF
_dPE-LiUPU
049 _aPRUA
050 4 _aTE250
_b.M66 2006
082 0 4 _a625.84
_bM77
100 1 _aMontejo Fonseca, Alfonso.
245 1 0 _aIngeniería de pavimentos /
_cAlfonso Montejo Fonseca.
250 _aTercera edición.
264 1 _aBogotá, Colombia :
_bUniversidad Católica de Colombia,
_c2006.
300 _a2 volumes :
_bilustraciones ;
_c24 centímetros
336 _atext
_2rdacontent
337 _aunmediated
_2rdamedia
338 _avolume
_2rdacarrier
504 _aIncluye referencias bibliográficas.
505 0 _tTomo I.
_aPavimentos, constitución y conceptos generales -- Estudio del tránsito para diseño de pavimentos -- Estudio de los suelos para diseño de pavimentos -- Estabilización de suelos -- Esfuerzos y Deformaciones en Pavimentos Flexibles -- Modelos de distribución de esfuerzos y deflexiones para pavimentos rígidos y adoquines -- Diseño de Pavimentos Flexibles y Semirrígidos para carreteras -- Diseño de espesores de pavimentos rígidos para calles y carreteras -- Diseño de Espesores de Pavimentos de Adoquines de concreto -- Diseño estructural de pavimentos flexibles para aeropuertos -- Diseño estructural de pavimentos Rígidos para aeropuertos -- Pavimentos industriales de concreto.
505 0 _tTomo II.
_aMateriales para construcción y mejoramiento -- Compactación -- Evaluación de pavimentos en servicio y diseño de obras de mejoramiento -- Reciclaje de pavimentos flexibles -- Asfaltos modificados -- El asfalto espumado -- Mezclas asfálticas drenantes -- Superpave -- Control estadístico de calidad -- Fórmulas útiles en ingeniería de pavimentos -- Sistema internacional de unidades, equivalencias y factores de conversión.
526 _aP203
526 _aP200
526 _aSEG65
526 _aSEG64
526 _aSEG63
526 _aSEG62
526 _aSEG61
526 _aSEG60
526 _aSEG59
526 _aSEG58
526 _aSEG57
526 _aSEG56
526 _aSEG55
526 _aSEG54
526 _aSEG53
526 _aSEG52
526 _aSEG51
526 _aSEG50
526 _aSEG49
526 _aSEG48
526 _aSEG47
526 _aSEG46
526 _aSEG24
526 _aSEG23
526 _aSEG22
526 _aSEG21
526 _aSEG20
526 _aSEG19
526 _aSEG18
526 _aSEG17
526 _aSEG16
526 _aSEG14
526 _aSEG13
526 _aSEG12
526 _aSEG11
526 _aSEG10
526 _aSEG09
526 _aSEG06
526 _aSEG05
526 _aSEG04
526 _aSEG03
526 _aSEG02
526 _aSEG68
526 _aSEG66
526 _aSEG45
526 _aSEG25
526 _aSEG01
526 _aP163
526 _aP162
526 _aP161
526 _aP160
526 _aP159
526 _aP158
526 _aP157
526 _aP156
526 _aP155
526 _aP154
526 _aP153
526 _aP152
526 _aP151
526 _aP150
526 _aP149
526 _aP142
526 _aP141
526 _aP140
526 _aP139
526 _aP138
526 _aP137
526 _aP132
526 _aP131
526 _aP130
526 _aP126
526 _aP125
526 _aP124
526 _aP123
526 _aP115
526 _aP122
526 _aP121
526 _aP116
526 _a P114
526 _aP112
526 _aP111
526 _aP104
526 _aP103
526 _aP102
526 _aP101
526 _aP100
526 _aP96
526 _aP95
526 _aP93
526 _aP92
526 _aP91
526 _aP88
526 _aP83
526 _aP82
526 _aP79
526 _aP78
526 _aP75
526 _aP74
526 _aP71
526 _aP69
526 _a P51
526 _aP49
526 _aP48
526 _aP47
526 _aP33
526 _aP31
526 _a P30
526 _aP29
526 _aP27
526 _aP26
526 _aP25
526 _aP24
526 _a P22
526 _aP10
526 _aP09
526 _a P08
526 _aP06
526 _aP05
526 _aP04
526 _aP01
650 0 _aIngeniería de pavimentos.
650 0 _aPavimentos
_xDiseño y construcción.
_9113
650 7 _aConstrucciones de hormigón.
650 7 _aPavimentos
_xMantenimiento y reparación.
910 _ajche
942 _2ddc
_cBOOK
949 _a625.84 M77 2
_wDEWEY
_c1
_i72328
_d2016-10-27
_e2016-10-24
_lCCODEBUL1
_mBUL
_n3
_p40.88
_r0
_sY
_tBOOK
_u2016-1-27
_xINGENIERIA
_0COMPRA
_o.STAFF. Colección General
949 _a625.84 M77 T1
_wDEWEY
_c1
_iFJ00229
_lCCODEBUJ1
_mBUJ
_p46.18
_r0
_sY
_tBOOK
_u2015-9-4
_xINGENIERIA
_0COMPRA
_o.STAFF. Colección General Juliaca
949 _a625.84 M77 T1
_wDEWEY
_c2
_iFJ01509
_p45.04
_r0
_sY
_tBOOK
_u2016-8-24
_xINGENIERIA
_0COMPRA
_o.STAFF. Colección General Juliaca
949 _a625.84 M77 T1
_wDEWEY
_c3
_iFJ01859
_lCCODEBUJ1
_mBUJ
_p45.04
_r0
_sY
_tBOOK
_u2016-9-6
_xINGENIERIA
_0COMPRA
_o.STAFF. Colección General Juliaca
949 _a625.84 M77 T2
_wDEWEY
_c1
_iFJ00230
_lCCODEBUJ1
_mBUJ
_p43.81
_r0
_sY
_tBOOK
_u2015-9-4
_xINGENIERIA
_0COMPRA
_o.STAFF. Colección General Juliaca
949 _a625.84 M77 T2
_wDEWEY
_c2
_iFJ01510
_p42.72
_r0
_sY
_tBOOK
_u2016-8-24
_xINGENIERIA
_0COMPRA
_o.STAFF. Colección General Juliaca
999 _c7101
_d7101
980 _81
_gALBERTO SANCHEZ Responsable de Automatización